| 000 | 00536nam a2200193Ia 4500 | ||
|---|---|---|---|
| 003 | OSt | ||
| 005 | 20140321143957.0 | ||
| 008 | 140130s9999 xx 000 0 und d | ||
| 020 | _a0439529840 | ||
| 050 |
_aLB 1528 _b.C37 2005 |
||
| 100 | _aCarden, Kathleen | ||
| 245 |
_cKathleen Carden _aGrade 3 Writing Curriculum : _bweek-by-week lessons / |
||
| 260 |
_bScholastic, _c2005 |
||
| 300 |
_a160 p. : _bill. ; _c27 cm. |
||
| 440 | _v1 | ||
| 650 |
_aEnglish language. _xComposition and exercises. |
||
| 942 |
_cBK _2lcc |
||
| 999 |
_c41916 _d41916 |
||